| 000 | 00410pab a2200157 454500 | ||
|---|---|---|---|
| 008 | 180718b2005 xxu||||| |||| 00| 0 eng d | ||
| 100 | _aAgarwal, Shivali | ||
| 245 | _aCommunication policy and national integration in India | ||
| 260 | _c2005 | ||
| 300 | _ap.50-56 | ||
| 362 | _aJul | ||
| 650 | _aCommunication policy - India | ||
| 650 | _aCommunication policy | ||
| 773 | _aThird Concept | ||
| 909 | _a66059 | ||
| 999 |
_c66059 _d66059 |
||